000 00644cam a2200181 a 4500
082 0 0 _a297
_bNAS
_cl-31,p-171
100 1 _aNasr, Seyyed Hossein.
_9181
245 1 0 _aScience and civilization in Islam /
_cby Seyyed Hossein Hasr ; with a preface by Giorgio de Santillana.
260 _aLahore :
_bSuhail Academy,
_c1983.
300 _axiv, 384 p. :
_bmap ;
_c23 cm.
500 _aIncludes index.
500 _aLimited edition of 500 copies.
526 _a0
_b0
_c0
_d297_000000000000000_NAS
650 0 _aIslamic civilization.
_930864
650 0 _aScience
_zIslamic Empire
_xHistory.
_937251
650 0 _aScience, Medieval.
_9183
942 _2ddc
_cBK
999 _c542157
_d542157